Green algae from mountain peat-bogs in the Eastern Pyrenees (Catalonia, Spain)

Bibliographic Details
Main Authors: Cambra, Jaume (Author), Hindák, František, 1937-2019 (Author)
Format: Article
Language:English

MARC

LEADER 00000nab a2200000uu 4500
001 vtls011438180
003 SK-MaSNL
005 20260303122710.0
008 230213|1998 xo |||||||||||||||||eng|
015 |a SNBRB 
035 |a (urnnbn)urn:nbn:sk:snk:ar-002o7p 
035 |a (uuid)658b89da-622d-47a3-bf3b-7aa987382d44 
035 |a urn:nbn:sk:snk-abcd63 
040 |a SNKBUCL  |b slo  |c SNKBUCL  |e AACR2 
041 0 |a eng 
044 |a xo  |c SK 
100 1 |a Cambra, Jaume  |4 aut  |9 1137672 
245 1 0 |a Green algae from mountain peat-bogs in the Eastern Pyrenees (Catalonia, Spain)  |c Jaume Cambra, František Hindák 
700 1 |a Hindák, František,  |d 1937-2019  |4 aut  |9 264601 
773 0 |t Biologia : journal of the Slovak Academy of Sciences  |g Roč. 53, č. 4 (1998), s. 467-480 
954 |a odborná, vedecká literatúra cudzojazyčná (svetová)  |2 lita 
954 |a odborná, vedecká literatúra pôvodná (slovenská)  |2 lita 
958 |a OND 
958 |a EUIPO 
958 |a article16 
999 |c 1921997  |d 1923927